UM Logo

The state of business to business marketing research / (Record no. 20840)

MARC details
000 -LEADER
fixed length control field 00652nam a22001817a 4500
003 - CONTROL NUMBER IDENTIFIER
control field OSt
005 - DATE AND TIME OF LATEST TRANSACTION
control field 20250204145547.0
008 - FIXED-LENGTH DATA ELEMENTS--GENERAL INFORMATION
fixed length control field 240822b ||||| |||| 00| 0 eng d
040 ## - CATALOGING SOURCE
Transcribing agency 0
082 ## - DEWEY DECIMAL CLASSIFICATION NUMBER
Classification number DPer 658.8 J826 Winter-Spring 2021 v. 29 n. 1-2
100 ## - MAIN ENTRY--PERSONAL NAME
Personal name Tanner Jr., John F.
Relator term author.
9 (RLIN) 58880
245 ## - TITLE STATEMENT
Title The state of business to business marketing research /
Statement of responsibility, etc. John F. Tanner Jr.
260 ## - PUBLICATION, DISTRIBUTION, ETC. (IMPRINT)
Place of publication, distribution, etc. USA ;
Name of publisher, distributor, etc. Taylor & Francis Group,
Date of publication, distribution, etc. Winter 2021.
300 ## - PHYSICAL DESCRIPTION
Extent volume 29, pages 92-100.
500 ## - GENERAL NOTE
General note Journal of Marketing Theory and Practice, vol. 29, pages 92-100, Winter 2021.
700 ## - ADDED ENTRY--PERSONAL NAME
Personal name Tanner Jr., John F.
Relator term author.
9 (RLIN) 58880
942 ## - ADDED ENTRY ELEMENTS (KOHA)
Source of classification or shelving scheme Dewey Decimal Classification
Koha item type Periodicals
Holdings
Withdrawn status Lost status Source of classification or shelving scheme Damaged status Not for loan Collection code Home library Current library Date acquired Total Checkouts Full call number Date last seen Price effective from Koha item type Public note
    Dewey Decimal Classification     Periodicals UM Digos College - LIC UM Digos College - LIC 08/22/2024   DPer 658.8005 J826 Winter-Spring 2021 v. 29, n. 1-2 08/22/2024 08/22/2024 Periodicals Periodical Article